| 000 | 00716nab a22001937a 4500 | ||
|---|---|---|---|
| 999 |
_c6098 _d6098 |
||
| 003 | OSt | ||
| 005 | 20260122073317.0 | ||
| 008 | 190502c xxu||||| |||| 00| 0 spa d | ||
| 040 | _cPJ | ||
| 100 |
_aBacigalupo, Enrique _91188 |
||
| 245 | 1 | 0 |
_aDogmática y ley penal / _cEnrique Bacigalupo. |
| 260 |
_aCiudad Autónoma de Buenos Aires : _bThomson Reuters La Ley, _c2024. |
||
| 300 | _ap. 3-10 | ||
| 505 | _t¿Te interesa el texto completo? Solicitalo al correo: koha@justierradelfuego.gov.ar | ||
| 650 | 0 |
_9343 _aDERECHO PENAL |
|
| 650 | 0 |
_95911 _aLEY PENAL |
|
| 773 | 0 |
_02729 _93180 _dBuenos Aires : LexisNexis, 2006- _tRevista de derecho penal y procesal penal. Nº 12 - Diciembre 2024 _z9875920622 |
|
| 942 |
_2udc _cANA |
||